| 000 | 00813nam a2200229 i 4500 | ||
|---|---|---|---|
| 001 | 43316 | ||
| 003 | ES-MaACL | ||
| 005 | 20251114125059.0 | ||
| 007 | t| | ||
| 008 | 030317s1935 pe ||||1| spa d | ||
| 245 | 0 | 0 | _aCentenario de Manuel Pardo, 1834-1934. |
| 260 |
_aLima : _b[s.n.], _c1935 ( _fLibrería e Imp. Gil) |
||
| 300 |
_a2 v. (312 ; 261 p.) ; _c25 cm. |
||
| 530 | _aDisponible en formato digital. | ||
| 600 | 1 | 7 |
_aPardo, Manuel, _d1834-1878- _vHomenajes _2 _9167094 |
| 651 | 4 |
_aPerú- _xHistoria- _y1829-1919. _9170386 |
|
| 700 | 1 |
_aPardo, Manuel, _d1834-1878 _9167095 |
|
| 852 |
_aES-MaACL _jA-4116-17 _cSPP1 _zRevisado enlace: 9 de julio de 2025 |
||
| 856 | 4 |
_uhttp://bdh-rd.bne.es/viewer.vm?id=0000192573&page=1 _yBiblioteca Digital Hispánica |
|
| 942 | _2udc | ||
| 999 |
_c43316 _d43316 |
||